|
|
|
|
| LEADER |
00657nab a2200181 i 4500 |
| 001 |
acta18128 |
| 005 |
20210611102330.0 |
| 008 |
161015s1980 hu o 0|| hun d |
| 022 |
|
|
|a 0209-4304
|
| 040 |
|
|
|a SZTE Egyetemi Kiadványok Repozitórium
|b hun
|
| 041 |
|
|
|a hun
|
| 100 |
1 |
|
|a Galgóczi László
|
| 245 |
1 |
0 |
|a Betegségneveink történetéből
|h [elektronikus dokumentum] :
|b Orbánc 'Erysipalas' /
|c Galgóczi László
|
| 260 |
|
|
|c 1980
|
| 300 |
|
|
|a 65-74
|
| 490 |
0 |
|
|a A Juhász Gyula Tanárképző Főiskola tudományos közleményei
|
| 695 |
|
|
|a Nyelvtudomány
|
| 856 |
4 |
0 |
|u http://acta.bibl.u-szeged.hu/18128/1/tanarkepzo_1980_1_065-074.pdf
|z Dokumentum-elérés
|